| 000 | 00968nam a22002050a 4500 | ||
|---|---|---|---|
| 999 |
_c6784 _d6784 |
||
| 020 | _a0138497796 | ||
| 022 | _a9780138497798 | ||
| 050 |
_aPE1417 _b.L36 |
||
| 100 | _aBirks Roberta(ed.) | ||
| 245 | 0 | 0 |
_aLandmarks : _ba process reader / _cedited by Roberta Birks, Tomi Eng, Julie Walchli. |
| 260 |
_aScarborough, Ont. : _bPrentice Hall Allyn and Bacon Canada, _c1998. |
||
| 300 |
_axiv, 418 p. ; _c23 cm. |
||
| 500 | _aIncludes index. | ||
| 505 | _aChapter 1. Invention: Exploring the landscapes of the mind Chapter 2. Development: Bridging the Gap between Writer and Audience Chapter 3. Arrangement: Giving structures to ideas Chapter 4. Style: Pushing the boundaries Chapter 5. Delivery: Creating a public voice Chapter 6. Writing Rhetorical Analyses Chapter 7. Writing research papers Credits Index | ||
| 650 | 0 | _aCollege readers. | |
| 650 | 0 |
_aEnglish language _xRhetoric. |
|
| 700 | 1 | _aEng, Tomi.(ed.) | |
| 700 | 1 | _aWalchli, Julie.(ed.) | |
| 942 | _cBK | ||